000 01274nam a2200325 4500
003 EG-GICUC
005 20260121101220.0
008 251113s2008 ua ||||fr|||| 00| 0 ara d
017 _a200113989
040 _a EG-GICUC
_bara
_c EG-GICUC
_d EG-GICUC
_erda
041 0 _aara
082 0 4 _221
_a341.84
_bع ن . ت
092 0 4 _221
099 _aLaw1 12 341.84 ع ن . ت 2008
100 0 _a عنايت عبدالحميد ثابت
_eمؤلف.
245 1 0 _a تداخل مجالات انطباق القوانين ذو الطابع الدولي واحكام فضه في القانون المصري /
_c عنايت عبدالحميد ثابت.
264 1 _aالقاهرة :
_bدون ناشر،
_c2008.
300 _a511صفحة :
_c24 سم.
_bإيضاحيات، صور، مثيليات ؛
336 _2rda content
_atext
337 _2rda media
_aComputer
338 _2rda carrier
_aOnline Resource
500 _aيحتوي على حواشي
504 _a. 240-220 ببليوجرافيا: صفحات.
546 _aالنص باللغة العربية
650 1 _aتنازع القوانين
_xقانون دولي
_2qrmak
651 1 _2qrmak
856 4 0 _uhttps://fll.law.cu.edu.eg/fulltext/bks/B12-01014.pdf
905 _a75
_eYara
942 _2ddc
_n0
_cBK
_e21
999 _c43175
_d43175